Обращение. "Товарищи рабочие, крестьяне и граждане, к Вам рабоче-крестьянское правительство обращается с призывом о пожертвовании лишних шинелей, теплых вещей..." | Граждане, рабочие и крестьяне. "Пожертвованные теплые вещи приносить в подарочную комиссию..." (Запись № 11837045)

Подробности
000 -МАРКЕР
контрольное поле 02919nam0a2200349 4500
001 - ИДЕНТИФИКАТОР ЗАПИСИ
контрольное поле RU\NLR\BIBL_A\011467530
005 - ИДЕНТИФИКАТОР ВЕРСИИ
контрольное поле 20250626072638.0
020 ## - НОМЕР ДОКУМЕНТА В НАЦИОНАЛЬНОЙ БИБЛИОГРАФИИ
Код страны российская федерация
Номер 6751
Основное заглавие издания Российской книжной палаты Сводный каталог листовок первых лет Советской власти (25 октября (7 ноября) 1917 - 1925) Т.4 (Ч.1). Листовки советских, партийных, профсоюзных, комсомольских и других организаций губерний РСФСР
035 ## - ДРУГИЕ СИСТЕМНЫЕ НОМЕРА
Идентификатор записи (NLR Aleph) 011467530
100 ## - ДАННЫЕ ОБЩЕЙ ОБРАБОТКИ
Данные общей обработки 20170907d1919 |||y0rusy50 ca
101 0# - ЯЗЫК РЕСУРСА
Язык текста, звукозаписи и т.д. русский
102 ## - СТРАНА ПУБЛИКАЦИИ ИЛИ ПРОИЗВОДСТВА
Страна публикации российская федерация
105 ## - ПОЛЕ КОДИРОВАННЫХ ДАННЫХ: ТЕКСТОВЫЕ МАТЕРИАЛЫ, МОНОГРАФИЧЕСКИЕ
Кодированные данные о монографическом текстовом документе y z 000zy
200 1# - ЗАГЛАВИЕ И СВЕДЕНИЯ ОБ ОТВЕТСТВЕННОСТИ
Основное заглавие Обращение. "Товарищи рабочие, крестьяне и граждане, к Вам рабоче-крестьянское правительство обращается с призывом о пожертвовании лишних шинелей, теплых вещей..."
-- Граждане, рабочие и крестьяне. "Пожертвованные теплые вещи приносить в подарочную комиссию..."
Сведения, относящиеся к заглавию [листовка
Первые сведения об ответственности Владимирский уезд. комиссариат по военным делам]
210 ## - ПУБЛИКАЦИЯ, РАСПРОСТРАНЕНИЕ И ДР.
Место издания, распространения и т.д. Владимир
Имя издателя, распространителя и т. д. Гос. тип. № 2
Дата издания, распространения и т.д. [1919]
215 ## - ФИЗИЧЕСКАЯ ХАРАКТЕРИСТИКА
Специфическое обозначение материала и объем 1 с.
Размеры 39х21
300 ## - ОБЩИЕ ПРИМЕЧАНИЯ
Текст примечания Подписи: под 1-м док. - Владимирский уездный военный комиссар Щукин, заведующий Полит. просвет отделением Ян. Завадский; под 2-м док.: - Комиссия
517 1# - ДРУГИЕ ВАРИАНТЫ ЗАГЛАВИЯ
Вариант заглавия Товарищи рабочие, крестьяне и граждане, к Вам рабоче-крестьянское правительство обращается с призывом о пожертвовании лишних шинелей, теплых вещей...
517 1# - ДРУГИЕ ВАРИАНТЫ ЗАГЛАВИЯ
Вариант заглавия Пожертвованные теплые вещи приносить в подарочную комиссию...
607 ## - ГЕОГРАФИЧЕСКОЕ НАИМЕНОВАНИЕ КАК ПРЕДМЕТ
Географическое наименование РСФСР
Формальный подзаголовок Листовки
Тематический подзаголовок Политика и управление
Географический подзаголовок 1917 - 1925
Системный номер авторитетной/нормативной записи 2312782
Идентификатор авторитетной/нормативной записи RU\NLR\auth\6601609564
686 0# - ИНДЕКСЫ ДРУГИХ КЛАССИФИКАЦИЙ
Индекс Т3(2)71-313,011
686 1# - ИНДЕКСЫ ДРУГИХ КЛАССИФИКАЦИЙ
Индекс Ц35(2)712,011
702 #1 - ИМЯ ЛИЦА - ВТОРИЧНАЯ ОТВЕТСТВЕННОСТЬ
Код отношения Подписавшее лицо
Графика поля Кириллица
Материалы, к которым относится поле rus
Начальный элемент ввода Щукин
Дополнения к именам, кроме дат участник установления советской власти, г. Владимир
Системный номер авторитетной/нормативной записи 181502
Идентификатор авторитетной/нормативной записи RU\NLR\AUTH\770181553
702 #1 - ИМЯ ЛИЦА - ВТОРИЧНАЯ ОТВЕТСТВЕННОСТЬ
Начальный элемент ввода Завадский
Часть имени, кроме начального элемента ввода Я.
Дополнения к именам, кроме дат участник установления советской власти, г. Владимир
Расширение инициалов личного имени Ян.
Код отношения Подписавшее лицо
711 02 - НАИМЕНОВАНИЕ ОРГАНИЗАЦИИ - АЛЬТЕРНАТИВНАЯ ОТВЕТСТВЕННОСТЬ
Начальный элемент ввода Владимирский уездный комиссариат по военным делам
Системный номер авторитетной/нормативной записи 575114
Идентификатор авторитетной/нормативной записи RU\NLR\AUTH\880455900
852 00 - МЕСТОНАХОЖДЕНИЕ И ШИФР ХРАНЕНИЯ
Идентификатор организации NLR
Наименование фонда или коллекции (Sub-Location Identifier) ФЛ
Шифр хранения (Call Number) 18/76
942 ## - ДОПОЛНИТЕЛЬНЫЕ ЭЛЕМЕНТЫ ЗАПИСИ (АБИС)
Тип экземпляра АБИС Книга
980 ## - КОЛЛЕКЦИЯ
Название коллекции Национальная библиография
Экземпляры
Тип экземпляра Дата поступления Библиотека постоянного хранения Библиотека текущего хранения Место хранения Шифр хранения Штрих-код Статус не для выдачи
Листовка 15.02.2025 РНБ (Садовая) РНБ (Садовая) Русский книжный фонд -Главное здание, Ленинский читальный зал ФЛ 18/76 11467530-10  
Листовка 19.04.2025 РНБ (Садовая) РНБ (Садовая) Русский книжный фонд -Главное здание, Ленинский читальный зал ФЛ 18/76а 11467530-20